[Event "N֖ Landesliga 2015/16"]
[Site "?"]
[Date "2016.03.13"]
[Round "10.5"]
[White "Woeber, Friedrich"]
[Black "Schirmbeck, Hannes"]
[Result "0-1"]
[WhiteElo "2132"]
[BlackElo "2128"]
[PlyCount "56"]
[EventDate "2015.09.27"]

1. e4 e5 2. Nf3 Nc6 3. Bc4 Nf6 4. Ng5 d5 5. exd5 Na5 6. Bb5+ c6 7. dxc6 bxc6 8.
Bd3 h6 9. Ne4 Nd5 10. O-O Be7 11. Re1 O-O 12. Ng3 Nf4 13. Bf1 Qc7 14. d4 Rd8
15. c3 Be6 16. Qf3 Bd5 17. Qe3 Ng6 18. dxe5 Bg5 19. Qe2 Bxc1 20. Rxc1 Nxe5 21.
Nd2 Re8 22. Qh5 Rad8 23. Nde4 Ng6 24. Re1 Re5 25. Qg4 Rde8 26. Re3 h5 27. Qe2
h4 28. f4 Nxf4 0-1

[Event "N֖ Landesliga 2015/16"]
[Site "?"]
[Date "2016.03.13"]
[Round "10.5"]
[White "Pernerstorfer, Johannes"]
[Black "Winiwarter, Felix"]
[Result "1/2-1/2"]
[WhiteElo "2011"]
[BlackElo "2117"]
[PlyCount "123"]
[EventDate "2015.09.27"]

1. e4 c5 2. Nf3 Nc6 3. d4 cxd4 4. Nxd4 Nf6 5. Nxc6 bxc6 6. Bd3 e5 7. O-O Be7 8.
c4 O-O 9. Nc3 d6 10. Rb1 Bg4 11. Qc2 h6 12. b4 Qd7 13. b5 cxb5 14. Rxb5 Rab8
15. Qa4 Rxb5 16. Nxb5 Ra8 17. Qa6 Qc8 18. Qxc8+ Bxc8 19. Ba3 Ne8 20. f4 f6 21.
f5 a6 22. Nc3 Rb8 23. Nd5 Kf8 24. Kf2 a5 25. Ke3 Bd7 26. Rc1 Rb7 27. Nxe7 Kxe7
28. c5 dxc5 29. Rxc5 Kd8 30. Rxa5 Kc7 31. Bf8 Bc6 32. Bc4 Rb2 33. Kf3 Nd6 34.
Bxd6+ Kxd6 35. Bd5 Bxd5 36. Rxd5+ Kc6 37. Ra5 Kb6 38. Ra3 Kc5 39. Ra7 Kd4 40.
Rd7+ Kc5 41. Rxg7 Rxa2 42. Rd7 Ra3+ 43. Kg4 Re3 44. g3 Rxe4+ 45. Kh5 Re2 46.
Kg6 Rxh2 47. Kxf6 e4 48. Ke5 e3 49. Rc7+ Kb6 50. Rc3 e2 51. Re3 Kc5 52. Rc3+
Kb6 53. Rc1 Rg2 54. Re1 Kc7 55. Kf4 Rf2+ 56. Ke4 h5 57. Kd3 Rxf5 58. Rxe2 Kd6
59. Re3 Re5 60. Re4 Ke6 61. Ke3 Kf5 62. Rxe5+ 1/2-1/2

[Event "N֖ Landesliga 2015/16"]
[Site "?"]
[Date "2016.04.03"]
[Round "11.1"]
[White "Gr�tz, Harald"]
[Black "Ganaus, Hannes"]
[Result "1/2-1/2"]
[WhiteElo "2279"]
[BlackElo "2259"]
[PlyCount "24"]
[EventDate "2015.09.27"]

1. Nf3 Nf6 2. g3 g6 3. Bg2 Bg7 4. O-O O-O 5. d4 d6 6. Nc3 Nbd7 7. e4 e5 8. Re1
a6 9. h3 b6 10. Be3 Bb7 11. d5 b5 12. a3 Nb6 1/2-1/2

[Event "N֖ Landesliga 2015/16"]
[Site "?"]
[Date "2016.04.03"]
[Round "11.1"]
[White "Dzierzenga, Stefan"]
[Black "Amberger, Dieter"]
[Result "1/2-1/2"]
[WhiteElo "2186"]
[BlackElo "2083"]
[PlyCount "37"]
[EventDate "2015.09.27"]

1. e4 c5 2. Nc3 Nc6 3. g3 g6 4. Bg2 Bg7 5. d3 e6 6. Nh3 Nge7 7. O-O O-O 8. Be3
Nd4 9. Qd2 Rb8 10. Bh6 b5 11. Bxg7 Kxg7 12. Nd1 d5 13. c3 Ndc6 14. exd5 exd5
15. Nf4 d4 16. Rc1 Bb7 17. cxd4 cxd4 18. Re1 Qd6 19. a3 1/2-1/2

[Event "N֖ Landesliga 2015/16"]
[Site "?"]
[Date "2016.04.03"]
[Round "11.1"]
[White "Batyte, Daiva"]
[Black "Juenger, Heinz"]
[Result "1/2-1/2"]
[WhiteElo "2072"]
[BlackElo "2143"]
[PlyCount "80"]
[EventDate "2015.09.27"]

1. c4 Nf6 2. Nc3 d5 3. cxd5 Nxd5 4. g3 g6 5. Bg2 Nb6 6. Nf3 Bg7 7. d3 Nc6 8.
O-O O-O 9. Bd2 e5 10. Qc1 Nd4 11. Bh6 Re8 12. Bxg7 Kxg7 13. Re1 c6 14. Nd2 Qe7
15. e3 Ne6 16. Nf3 Nc5 17. Nxe5 Qxe5 18. d4 Qe7 19. dxc5 Qxc5 20. Ne4 Qxc1 21.
Raxc1 Re7 22. Nc5 Nd7 23. Nxd7 Rxd7 24. Red1 Kf6 25. f4 Ke7 26. Kf2 Rxd1 27.
Rxd1 Be6 28. a3 Rd8 29. Rxd8 Kxd8 30. e4 Kc7 31. Ke3 c5 32. Bf3 b6 33. g4 h6
34. h4 f6 35. Be2 Kd6 36. Bf3 Bd7 37. Be2 Bc8 38. Bd1 Bd7 39. Be2 Bc8 40. Bd1
Bd7 1/2-1/2

[Event "N֖ Landesliga 2015/16"]
[Site "?"]
[Date "2016.04.03"]
[Round "11.1"]
[White "Trippold, Denise"]
[Black "Schirmbeck, Hannes"]
[Result "0-1"]
[WhiteElo "1999"]
[BlackElo "2128"]
[PlyCount "124"]
[EventDate "2015.09.27"]

1. d4 Nf6 2. c4 e6 3. Nf3 b6 4. g3 Bb7 5. Bg2 Bb4+ 6. Bd2 Bxd2+ 7. Qxd2 O-O 8.
O-O d6 9. Nc3 Nbd7 10. Qc2 Qe7 11. e4 Rac8 12. Rad1 Ng4 13. Rfe1 a5 14. h3 Nh6
15. e5 dxe5 16. dxe5 Nc5 17. Nd4 Bxg2 18. Kxg2 c6 19. Ne4 Nxe4 20. Qxe4 Qc5 21.
b3 Rfd8 22. Nxc6 Rxd1 23. Rxd1 f5 24. exf6 Qxc6 25. Rd8+ Kf7 26. Qxc6 Rxc6 27.
fxg7 Kxg7 28. Rb8 Kf6 29. c5 Rxc5 30. Rxb6 Rc2 31. a4 Nf5 32. Rb5 Rb2 33. Rxa5
Rxb3 34. Ra8 Rb2 35. a5 Ne3+ 36. Kf3 Nd1 37. a6 Rxf2+ 38. Ke4 Ra2 39. a7 Ra4+
40. Kf3 Ke5 41. Rd8 Ra3+ 42. Kg2 Ne3+ 43. Kf2 Ng4+ 44. hxg4 Rxa7 45. Rd3 Re7
46. Kf3 Kf6 47. Rd8 Ra7 48. Rd3 Kg5 49. Re3 Rf7+ 50. Ke4 Kxg4 51. Ra3 h5 52.
Rb3 Rf1 53. Re3 Rg1 54. Ke5 Rxg3 55. Re4+ Kg5 56. Kxe6 Rf3 57. Re1 h4 58. Ke5
h3 59. Ke4 Kg4 60. Ra1 h2 61. Rh1 Rf2 62. Ke3 Kg3 0-1

[Event "N֖ Landesliga 2015/16"]
[Site "?"]
[Date "2016.04.03"]
[Round "11.2"]
[White "Gasa, Andrej"]
[Black "Wagner, Stefan"]
[Result "1/2-1/2"]
[WhiteElo "2298"]
[BlackElo "2147"]
[PlyCount "73"]
[EventDate "2015.09.27"]

1. e4 d5 2. exd5 Qxd5 3. Nc3 Qa5 4. d4 Nf6 5. Nf3 c6 6. Bd2 Bf5 7. Ne4 Qc7 8.
Nxf6+ gxf6 9. g3 e6 10. Bg2 Nd7 11. O-O O-O-O 12. Nh4 Bg6 13. Nxg6 hxg6 14. c4
Nb6 15. Ba5 Rh5 16. d5 c5 17. a3 Bd6 18. Qe2 e5 19. b4 Rdh8 20. h3 f5 21. Rfd1
e4 22. Rac1 Rd8 23. bxc5 Bxc5 24. Bb4 Rhh8 25. Kf1 Rhe8 26. h4 Kb8 27. Rc2 Qd6
28. Rb1 Nd7 29. Rcb2 Bxb4 30. Rxb4 Nc5 31. Qe3 Re7 32. Kg1 Nd3 33. R4b3 Nc5 34.
Rb5 Rc7 35. Bf1 Rh8 36. Qd4 f6 37. R1b4 1/2-1/2

[Event "N֖ Landesliga 2015/16"]
[Site "?"]
[Date "2016.04.03"]
[Round "11.2"]
[White "Khalakhan, Jurij"]
[Black "Hajek, Oskar"]
[Result "1-0"]
[WhiteElo "2236"]
[BlackElo "2060"]
[PlyCount "51"]
[EventDate "2015.09.27"]

1. e4 d6 2. d4 Nf6 3. Nc3 e5 4. Nf3 Nbd7 5. Bc4 Be7 6. Bxf7+ Kxf7 7. Ng5+ Kg8
8. Ne6 Qe8 9. Nxc7 Qg6 10. Be3 Qxg2 11. Rf1 Ng4 12. Qd3 Nxe3 13. fxe3 Nb6 14.
O-O-O Rb8 15. dxe5 Qxh2 16. exd6 Qxd6 17. Qxd6 Bxd6 18. Rxd6 Bg4 19. N3d5 Nxd5
20. exd5 h5 21. e4 h4 22. Rg6 Bh5 23. Rg5 h3 24. Ne6 Rh7 25. Nxg7 Be2 26. Ne8+
1-0

[Event "N֖ Landesliga 2015/16"]
[Site "?"]
[Date "2016.04.03"]
[Round "11.2"]
[White "Teuber, Andreas"]
[Black "Bauer, Thomas"]
[Result "1/2-1/2"]
[WhiteElo "2208"]
[BlackElo "2010"]
[PlyCount "97"]
[EventDate "2015.09.27"]

1. d4 Nf6 2. c4 c5 3. d5 e6 4. Nc3 exd5 5. cxd5 d6 6. g3 g6 7. Bg2 Bg7 8. Nf3
O-O 9. O-O Re8 10. Nd2 Nbd7 11. a4 a6 12. h3 Nh5 13. Kh2 Rb8 14. Nc4 Ne5 15.
Na3 Bd7 16. a5 Qxa5 17. f4 b5 18. Nc2 Qd8 19. fxe5 Bxe5 20. Bf4 f5 21. Bxe5
Rxe5 22. Qd2 b4 23. Nd1 Bb5 24. Rf2 Qe7 25. e4 fxe4 26. Nde3 b3 27. Na3 Qg5 28.
g4 Nf4 29. Nxb5 axb5 30. Qc3 Nd3 31. Re2 Qf4+ 32. Kg1 c4 33. Qd4 Rf8 34. Rf1
Qg3 35. Rxf8+ Kxf8 36. Qb6 Re7 37. Nf1 Qf4 38. Qxb5 e3 39. Qb6 Nxb2 40. Rxe3
Rxe3 41. Nxe3 Kg7 42. Qc7+ Kg8 43. Qc8+ Kf7 44. Qe6+ Kg7 45. Qe7+ Kg8 46. Qe6+
Kf8 47. Qc8+ Kg7 48. Qd7+ Kg8 49. Qe6+ 1/2-1/2

[Event "N֖ Landesliga 2015/16"]
[Site "?"]
[Date "2016.04.03"]
[Round "11.2"]
[White "Plasil, Jiri"]
[Black "Mayer, Josef"]
[Result "1/2-1/2"]
[WhiteElo "2118"]
[BlackElo "2062"]
[PlyCount "49"]
[EventDate "2015.09.27"]

1. d4 Nf6 2. Nf3 g6 3. Bg5 Bg7 4. Nc3 c5 5. e3 O-O 6. Bxf6 Bxf6 7. Ne4 d6 8.
Nxf6+ exf6 9. c3 b6 10. Be2 Bb7 11. O-O Qe7 12. Nd2 Nd7 13. Bf3 Bxf3 14. Qxf3
f5 15. Qf4 Nf6 16. Rfd1 Rad8 17. Qh4 Rfe8 18. Nf1 Kg7 19. dxc5 dxc5 20. Qa4 Qb7
21. c4 Rxd1 22. Rxd1 Re7 23. f3 Rd7 24. Rxd7 Qxd7 25. Qxd7 1/2-1/2

[Event "N֖ Landesliga 2015/16"]
[Site "?"]
[Date "2016.04.03"]
[Round "11.3"]
[White "Sandh�fner, Florian"]
[Black "Bernasek, Jan"]
[Result "0-1"]
[WhiteElo "2301"]
[BlackElo "2512"]
[PlyCount "80"]
[EventDate "2015.09.27"]

1. e4 c5 2. Nf3 e6 3. d4 cxd4 4. Nxd4 Nc6 5. Nc3 Qc7 6. Be2 Nf6 7. Be3 Be7 8.
O-O O-O 9. f4 d6 10. Kh1 Nxd4 11. Bxd4 e5 12. Be3 b6 13. Nd5 Nxd5 14. exd5 Bf6
15. c3 Bb7 16. Qb3 Rfe8 17. Bb5 Re7 18. Rfd1 exf4 19. Bxf4 Qc5 20. Qc4 Qxc4 21.
Bxc4 Re4 22. Bxd6 Rxc4 23. Bg3 Rd8 24. d6 Bh4 25. Bxh4 Rxh4 26. Rd2 Rh6 27.
Rad1 Bc6 28. c4 Kf8 29. Kg1 Re6 30. Kf2 Ke8 31. Rd4 Kd7 32. b4 Rde8 33. R1d2
Rf6+ 34. Kg3 Re5 35. h4 h5 36. Kh2 Rfe6 37. Rf4 f6 38. Rfd4 Re4 39. c5 Rxd4 40.
Rxd4 Re2 0-1

[Event "N֖ Landesliga 2015/16"]
[Site "?"]
[Date "2016.04.03"]
[Round "11.3"]
[White "Vyskocil, Neklan"]
[Black "Rumpl, Erwin"]
[Result "0-1"]
[WhiteElo "2376"]
[BlackElo "2351"]
[PlyCount "116"]
[EventDate "2015.09.27"]

1. e4 e6 2. d4 d5 3. Nc3 dxe4 4. Nxe4 Nd7 5. g3 Ngf6 6. Nxf6+ Nxf6 7. Bg2 c5 8.
Ne2 cxd4 9. Qxd4 Qxd4 10. Nxd4 Bc5 11. Nb3 Bd6 12. O-O Rb8 13. Rd1 Bc7 14. Be3
b6 15. Nd4 Bd7 16. a4 a5 17. Nb5 Bxb5 18. axb5 Ke7 19. Rxa5 Rhd8 20. Raa1 Ng4
21. Bd4 Be5 22. Bxe5 Nxe5 23. Re1 Nc4 24. b3 Nd6 25. Ra7+ Kf6 26. Bc6 Nf5 27.
Be4 Nd4 28. Re3 Nxb5 29. Ra6 g6 30. Bd3 Nd4 31. Ra7 Ra8 32. Rb7 Rab8 33. Rxb8
Rxb8 34. Re4 Rd8 35. h4 Nxb3 36. Rb4 Nc5 37. Rxb6 Nxd3 38. cxd3 Rxd3 39. Kg2 h6
40. Ra6 g5 41. hxg5+ hxg5 42. Ra4 Ke5 43. Rb4 f5 44. g4 Rd4 45. Rb5+ Rd5 46.
Rb4 f4 47. Ra4 Rb5 48. Ra1 Kd6 49. Ra6+ Kd5 50. Ra8 e5 51. Rg8 Ke4 52. Rxg5 f3+
53. Kg3 Rb1 54. Rg8 Rg1+ 55. Kh3 Rg2 56. g5 Rxf2 57. g6 Rg2 58. g7 Rg6 0-1

[Event "N֖ Landesliga 2015/16"]
[Site "?"]
[Date "2016.04.03"]
[Round "11.3"]
[White "Wadsack, Wolfgang"]
[Black "Buchnicek, Petr"]
[Result "1/2-1/2"]
[WhiteElo "2153"]
[BlackElo "2307"]
[PlyCount "132"]
[EventDate "2015.09.27"]

1. e4 c6 2. d4 d5 3. exd5 cxd5 4. c4 Nf6 5. Nc3 g6 6. cxd5 Bg7 7. Qb3 O-O 8.
Bd3 Nbd7 9. Bg5 Nb6 10. Bxf6 Bxf6 11. Nge2 a5 12. a4 e6 13. d6 Bg7 14. Nb5 Nd5
15. Be4 Bd7 16. Bxd5 exd5 17. Nc7 Rb8 18. O-O Bc6 19. Qg3 Qf6 20. Nc3 Rfd8 21.
N7b5 Bf8 22. Qe5 Kg7 23. Rfe1 Bxd6 24. Nxd6 Rxd6 25. Re3 Re8 26. Qxf6+ Kxf6 27.
Rxe8 Bxe8 28. Re1 Bd7 29. Re5 Be6 30. h3 Ke7 31. g4 f6 32. Re3 g5 33. Kf1 Kd7
34. Rf3 Bf7 35. Ke1 h5 36. gxh5 Bxh5 37. Re3 Bf7 38. Kd2 Be6 39. b3 Rc6 40. Ne2
Rc8 41. f4 Rh8 42. fxg5 fxg5 43. Ng1 Rh4 44. Nf3 Rxh3 45. Nxg5 Rxe3 46. Kxe3
Bg4 47. Nf3 Ke6 48. Ne5 Bd1 49. Nd3 b6 50. Nc1 Kf5 51. Kd2 Bf3 52. Ke3 Be4 53.
Ne2 Bc2 54. Nc1 Kg4 55. Kd2 Be4 56. Ke3 Bf3 57. Nd3 Be4 58. Ne5+ Kf5 59. Nd7
Bc2 60. Nxb6 Ke6 61. Kd2 Bxb3 62. Kc3 Bd1 63. Kd2 Bg4 64. Kc3 Kd6 65. Nxd5 Kxd5
66. Kb2 Kxd4 1/2-1/2

[Event "N֖ Landesliga 2015/16"]
[Site "?"]
[Date "2016.04.03"]
[Round "11.3"]
[White "Zwettler, Martin"]
[Black "Wadsack, Winfried"]
[Result "1-0"]
[WhiteElo "2272"]
[BlackElo "2137"]
[PlyCount "65"]
[EventDate "2015.09.27"]

1. c4 e5 2. g3 Nc6 3. Nc3 Nf6 4. Bg2 Bb4 5. Nd5 Nxd5 6. cxd5 Ne7 7. Nf3 Bd6 8.
e4 c6 9. d4 cxd5 10. dxe5 Bb4+ 11. Bd2 Bxd2+ 12. Nxd2 dxe4 13. Nc4 O-O 14. Bxe4
Nc6 15. O-O b5 16. Nd6 Rb8 17. f4 g6 18. Rf2 Qb6 19. Kg2 Bb7 20. Nxb7 Rxb7 21.
Rd2 Rd8 22. Rc1 Rc7 23. Rd6 Qb7 24. Rcxc6 Rxc6 25. Bxc6 Qa6 26. Bd5 Qa5 27. Bb3
Qb4 28. Qd5 Rf8 29. Rxd7 Qe1 30. Qd3 a6 31. Bd5 Qc1 32. Qc3 Qb1 33. e6 1-0

[Event "N֖ Landesliga 2015/16"]
[Site "?"]
[Date "2016.04.03"]
[Round "11.4"]
[White "Lovrinovic, Christian"]
[Black "Juhasz, Kristof"]
[Result "1/2-1/2"]
[WhiteElo "2121"]
[BlackElo "2354"]
[PlyCount "34"]
[EventDate "2015.09.27"]

1. d4 e6 2. c4 Nf6 3. Nc3 Bb4 4. Nf3 O-O 5. Bg5 c5 6. d5 h6 7. Bh4 exd5 8. cxd5
d6 9. a3 Bxc3+ 10. bxc3 g5 11. Bg3 Re8 12. e3 Bf5 13. Bd3 Bxd3 14. Qxd3 Ne4 15.
Nd2 Nxd2 16. Qxd2 Qe7 17. h4 g4 1/2-1/2

[Event "N֖ Landesliga 2015/16"]
[Site "?"]
[Date "2016.04.03"]
[Round "11.4"]
[White "Plachetka, Jan"]
[Black "Danner, Lambert"]
[Result "1-0"]
[WhiteElo "2371"]
[BlackElo "2110"]
[PlyCount "35"]
[EventDate "2015.09.27"]

1. e4 Nf6 2. e5 Nd5 3. d4 d6 4. Nf3 Bg4 5. Be2 c6 6. O-O Bxf3 7. Bxf3 dxe5 8.
dxe5 e6 9. b3 Nd7 10. Bb2 Qc7 11. Re1 O-O-O 12. a3 h5 13. Nd2 Nf4 14. Nc4 Nxe5
15. Bxe5 Rxd1 16. Raxd1 Qe7 17. Nd6+ Kd7 18. Nf5+ 1-0

[Event "N֖ Landesliga 2015/16"]
[Site "?"]
[Date "2016.04.03"]
[Round "11.4"]
[White "Ebner, Johann"]
[Black "Lechner, Daniel"]
[Result "0-1"]
[WhiteElo "2071"]
[BlackElo "2232"]
[PlyCount "80"]
[EventDate "2015.09.27"]

1. d4 Nf6 2. c4 g6 3. Nc3 d5 4. Nf3 Bg7 5. Bf4 c6 6. e3 O-O 7. c5 Bg4 8. Be2
Nbd7 9. O-O Re8 10. Ne5 Bxe2 11. Nxe2 Nh5 12. g4 Nhf6 13. f3 Nxe5 14. Bxe5 Bf8
15. Bg3 Nd7 16. f4 Bg7 17. b4 Qc8 18. f5 e5 19. dxe5 Nxe5 20. f6 Bh6 21. h3
Bxe3+ 22. Kg2 Nc4 23. Qd3 Bh6 24. Bf4 Re3 25. Bxe3 Nxe3+ 26. Kg1 Nxf1 27. Rxf1
Qe6 28. Rf3 Re8 29. Nd4 Qe1+ 30. Kg2 Qxb4 31. h4 Qe1 32. g5 Bf8 33. h5 Bxc5 34.
hxg6 hxg6 35. Nf5 gxf5 36. Qxf5 Re2+ 37. Kh3 Qh1+ 38. Kg4 Re4+ 39. Kg3 Qh4+ 40.
Kg2 Re2+ 0-1

[Event "N֖ Landesliga 2015/16"]
[Site "?"]
[Date "2016.04.03"]
[Round "11.4"]
[White "Brehovsky, Paul"]
[Black "Neumann, Christian"]
[Result "1/2-1/2"]
[WhiteElo "2122"]
[BlackElo "1997"]
[PlyCount "80"]
[EventDate "2015.09.27"]

1. d4 Nf6 2. Nf3 b6 3. g3 Bb7 4. Bg2 e6 5. O-O Be7 6. c4 O-O 7. Nc3 Ne4 8. Qc2
Nxc3 9. Qxc3 d6 10. Qc2 f5 11. b4 Nd7 12. Bb2 Bf6 13. Rfd1 Be4 14. Qb3 Qe7 15.
a4 a5 16. b5 g5 17. Bf1 f4 18. Ne1 Rae8 19. f3 Bg6 20. e4 fxg3 21. hxg3 Kh8 22.
Bg2 Qg7 23. Nc2 e5 24. d5 Bd8 25. Ne3 Rf7 26. Rf1 Ref8 27. g4 Kg8 28. Nf5 Bxf5
29. exf5 Qh6 30. Bc3 Re8 31. Rae1 Bf6 32. Re2 Rfe7 33. Qc2 Nc5 34. Rc1 Qg7 35.
Re4 Kf7 36. Bh3 Rh8 37. Kg2 Ree8 38. Rh1 h5 39. Be1 Rh7 40. Bf2 Nxe4 1/2-1/2

[Event "N֖ Landesliga 2015/16"]
[Site "?"]
[Date "2016.04.03"]
[Round "11.5"]
[White "Knoll, Hermann"]
[Black "Reinwald, Patrick"]
[Result "1-0"]
[WhiteElo "2309"]
[BlackElo "2231"]
[PlyCount "107"]
[EventDate "2015.09.27"]

1. e4 e5 2. Nf3 Nc6 3. Bc4 Nf6 4. d3 Bc5 5. c3 a6 6. a4 d6 7. O-O O-O 8. Na3 h6
9. Re1 Re8 10. Nc2 Ba7 11. Be3 Bxe3 12. Nxe3 Be6 13. Qc2 Qd7 14. Bxe6 Qxe6 15.
h3 Rad8 16. b4 Ne7 17. c4 c6 18. Rab1 Ng6 19. b5 axb5 20. cxb5 d5 21. bxc6 Qxc6
22. Rec1 dxe4 23. dxe4 Ra8 24. Qxc6 bxc6 25. Rb4 Ra6 26. g3 Rea8 27. Ra1 Nd7
28. Rc4 Ne7 29. Nf5 Kf8 30. Rd1 Nb6 31. Rc5 Nxf5 32. exf5 Nxa4 33. Rxe5 Ra5 34.
Rd7 R5a7 35. Ree7 Rxd7 36. Rxd7 Re8 37. Rc7 c5 38. Nd2 Re7 39. Rc6 Re5 40. g4
h5 41. Nc4 Re1+ 42. Kg2 hxg4 43. hxg4 Re4 44. Ne3 Ke7 45. Rc7+ Kf6 46. Kf3 Rd4
47. g5+ Kxg5 48. Rxf7 g6 49. Rg7 Rd6 50. Ke4 Rb6 51. Ke5 Nb2 52. f4+ Kh6 53.
Rc7 gxf5 54. Kxf5 1-0

[Event "N֖ Landesliga 2015/16"]
[Site "?"]
[Date "2016.04.03"]
[Round "11.5"]
[White "Ehs, Dominik"]
[Black "Schmidrathner, Christian"]
[Result "1/2-1/2"]
[WhiteElo "2061"]
[BlackElo "2093"]
[PlyCount "31"]
[EventDate "2015.09.27"]

1. e4 c5 2. Nf3 d6 3. d4 cxd4 4. Nxd4 Nf6 5. Nc3 g6 6. Be3 Bg7 7. f3 O-O 8. Qd2
Nc6 9. Bc4 Bd7 10. O-O-O Rc8 11. Bb3 Nxd4 12. Bxd4 b5 13. Nd5 Nxd5 14. Bxg7
Kxg7 15. Bxd5 a5 16. a3 1/2-1/2

[Event "N֖ Landesliga 2015/16"]
[Site "?"]
[Date "2016.04.03"]
[Round "11.5"]
[White "Pammer, Andreas"]
[Black "Steiner, Heinz"]
[Result "1/2-1/2"]
[WhiteElo "2102"]
[BlackElo "2125"]
[PlyCount "26"]
[EventDate "2015.09.27"]

1. c4 c5 2. Nc3 Nc6 3. Nf3 e5 4. e3 g6 5. d4 cxd4 6. exd4 exd4 7. Nxd4 Bc5 8.
Ndb5 d6 9. Ne4 Qe7 10. Qe2 Be6 11. Bg5 f6 12. Nxc5 dxc5 13. Be3 Ne5 1/2-1/2